| 000 | 00441nam a2200181Ia 4500 | ||
|---|---|---|---|
| 008 | 240510s9999 xx 000 0 und d | ||
| 041 | _aEng | ||
| 082 | _a004 | ||
| 082 | _bM13 | ||
| 100 | _aMagnusson,. C | ||
| 245 | 0 | _aHedging Shareholder Value in an IT Dependent Business Society | |
| 260 | _bStockholm University: Sweden | ||
| 260 | _c1999 | ||
| 300 | _a200 p. | ||
| 650 | _acomputer science : | ||
| 942 | _2ddc | ||
| 942 | _cLBK | ||
| 999 |
_c27768 _d27768 |
||
| 945 |
_a1 _bMadushi Gamage _c1 _dMadushi Gamage |
||